000 00484nam a2200157Ia 4500
008 230907s9999||||xx |||||||||||||| ||und||
082 _a621.3
_bSAF
100 _aSafi Ullah Butt (0000275703)
_9116650
245 0 _aFabrication of Ultraviolet Aging Chamber and Testing of Polymeric Insulators /
260 _aUSPCAS-E, NUST,
_bIslamabad :
_c2021
300 _axiii, 69 p.
520 _aTH-320
650 _aMS-EEP Thesis
700 _aDr Abraiz Khattak
_9117724
942 _cTHE
_2ddc
999 _c601998
_d601998